Miraculous Ladybug Lyrics #2 - Statistics

General Stats
  • This quiz has been taken 738 times
  • The average score is 35 of 40
Answer Stats
Lyrics Words % Correct
Just a normal girl, with a ___ life! normal
100%
Oh no, you'll never ___. know
98%
In the daytime, I'm _____ Marinette
98%
'Cause I have a ____. secret
97%
But there's something ____ me, about
95%
That no-one ___ yet. knows
94%
_____! Miraculous
93%
_____! Miraculous
93%
_____, the luckiest! Miraculous
93%
_____!! MIRACULOUS
93%
Another day, I'm back at ____, school
93%
Simply the ____! best
91%
Oh, Oh, __, Oh
91%
Oh, Oh, __, Oh
91%
__, Oh, Oh, Oh
91%
Oh, Oh, __, Oh
91%
Oh, __, Oh, Oh
91%
__, Oh, Oh, Oh
91%
Up to the test when things go ____! wrong
91%
I think about him, he's so ___. cool
90%
The power of ____ love
88%
Always so ____! strong
88%
The ____ of love always so strong! power
87%
Miraculous, the _____! luckiest
86%
____ the best! Simply
86%
Up to the ___ when things go wrong! test
86%
He looks at me, I look ____, away
85%
That's ____ she becomes… when
85%
My ___ are off the ground. feet
83%
That's when I ____… become
82%
I am a ___ cat
82%
But in the ____ she's all I think about. night
82%
And when the ___ goes down, sun
81%
I ____ so strong when she's around, feel
79%
My love can only ____. grow
77%
He's got me ____ 'round. spinning
76%
But does he see me _____. anyway
75%
Just _____ out, chilling
69%
She _____ me up when I am down. picks
69%
And when I see her ____, smile
63%
No matching quizzes found
Score Distribution
Percent of People with Each Score
Percentile by Number Answered
Your Score History
You have not taken this quiz